Loading...
| Current Events | 1 | 20.00 | 100% | 100% | 0% |
| Fine Arts - Classical Music | 6 | 13.33 | 100% | 33% | 0% |
| Fine Arts - Other | 5 | 14.00 | 100% | 40% | 0% |
| Fine Arts - Painting and Sculpture | 4 | 12.50 | 100% | 25% | 0% |
| Geography | 1 | 10.00 | 100% | 0% | 0% |
| History - American | 4 | 15.00 | 75% | 50% | 25% |
| History - European | 5 | 12.00 | 100% | 20% | 0% |
| History - Other | 4 | 10.00 | 100% | 0% | 0% |
| History - World | 4 | 15.00 | 75% | 50% | 25% |
| Literature - American | 7 | 10.00 | 100% | 0% | 0% |
| Literature - British | 5 | 16.00 | 100% | 40% | 20% |
| Literature - European | 5 | 12.00 | 100% | 20% | 0% |
| Literature - World | 5 | 16.00 | 100% | 60% | 0% |
| Mythology | 6 | 25.00 | 100% | 100% | 50% |
| Other Academic | 1 | 20.00 | 100% | 100% | 0% |
| Philosophy | 5 | 12.00 | 100% | 20% | 0% |
| Popular Culture | 1 | 20.00 | 100% | 100% | 0% |
| Religion | 5 | 12.00 | 80% | 40% | 0% |
| Science - Biology | 4 | 20.00 | 100% | 75% | 25% |
| Science - Chemistry | 3 | 16.67 | 100% | 67% | 0% |
| Science - Other | 5 | 16.00 | 100% | 40% | 20% |
| Science - Physics | 5 | 16.00 | 100% | 40% | 20% |
| Social Science | 5 | 12.00 | 60% | 60% | 0% |